000 00695cam a22002533a 4500
001 3283
003 PGUSA
005 20140828083030.0
008 020601s2002||||xxu|||||s|||||000 | eng d
040 _aPGUSA
_beng
042 _adc
050 4 _aBL
245 1 4 _aThe Upanishads
_h[electronic resource]
260 _bProject Gutenberg,
_c2002
506 _aPublic domain in the USA.
516 _aElectronic text
653 _aSanskrit literature -- Translations into English
653 _aReligion
653 _aMysticism -- Hinduism
700 1 _aParamananda, Swami,
_d1884-1940
830 0 _aProject Gutenberg
_v3283
856 4 0 _uhttp://www.gutenberg.org/ebooks/3283
942 _cEB
999 _c232612
_d232612